Catálogo

Vista normal Vista MARC

Entrada Personal Name

Número de registros utilizados en: 1

001 - CONTROL NUMBER

  • control field: 17151

003 - CONTROL NUMBER IDENTIFIER

  • control field: DLC

005 - DATE AND TIME OF LATEST TRANSACTION

  • control field: 20250605125255.0

008 - FIXED-LENGTH DATA ELEMENTS

  • fixed length control field: 890522n| azannaabn |n aaa

010 ## - LIBRARY OF CONGRESS CONTROL NUMBER

  • LC control number: n 88268306

035 ## - SYSTEM CONTROL NUMBER

  • System control number: (OCoLC)oca02530181

040 ## - CATALOGING SOURCE

  • Original cataloging agency: DLC
  • Language of cataloging: spa
  • Description conventions: rda
  • Transcribing agency: Mx-PuUPA
  • Modifying agency: DLC
  • Modifying agency: P
  • Modifying agency: UkOxU
  • Modifying agency: Mx-PuUPA

046 ## - SPECIAL CODED DATES

  • Birth date: 19430216
  • Source of date scheme: edtf

100 1# - HEADING--PERSONAL NAME

  • Personal name: Gittins, Anthony J.,
  • Dates associated with a name: 1943-

370 ## - ASSOCIATED PLACE

  • Place of birth: Mánchester, Reino Unido

372 ## - FIELD OF ACTIVITY

  • Field of activity: Teología
  • Field of activity: Ciencias sociales
  • Field of activity: Antropología
  • Source of term: lcsh

373 ## - ASSOCIATED GROUP

  • Associated group: Unión Teológica Católica
  • Source of term: naf

374 ## - OCCUPATION

  • Occupation: Sacerdote
  • Source of term: lcsh

374 ## - OCCUPATION

  • Occupation: Profesor de seminario teológico
  • Source of term: trot

374 ## - OCCUPATION

  • Occupation: Autor
  • Source of term: lcsh

375 ## - GENDER

  • Gender: hombre

377 ## - ASSOCIATED LANGUAGE

  • Language code: eng

670 ## - SOURCE DATA FOUND

  • Source citation: His Gifts and strangers, c1989:
  • Information found: CIP t.p. (Anthony J. Gittins) data sheet (b. 2/16/43)

670 ## - SOURCE DATA FOUND

  • Source citation: Phone call to the pub., 5/12/89
  • Information found: (Anthony J. Gittins, resides in Chicago; priest, formerly of England not same as Gittens, Anthony, editor of World revolution, 1971)

670 ## - SOURCE DATA FOUND

  • Source citation: Living mission interculturally, 2015:
  • Information found: ECIP t.p. (Anthony Gittins, CSSp)

670 ## - SOURCE DATA FOUND

  • Source citation: Catholic Theological Union WWW site, 29 September 2017
  • Information found: (Professor Anthony Gittins has taught Theology and Cultural Anthropology at the Catholic Theological Union in Chicago since 1984 ... ordained a Roman Catholic priest in 1967. He subsequently earned M.A.s in both Linguistics and Social Anthropology, and later a Ph.D. in Social Anthropology from the University of Edinburgh, Scotland. In the 1988 and 1991 he was a Visiting Research Scholar at the University of Cambridge and then the University of Oxford, England. In his teaching, Gittins touches the interface between the social sciences and theological disciplines)